Cuentos de amor de locura y de muerte / (Registro nro. 3032)
[ vista simple ]
| 000 -LEADER | |
|---|---|
| fixed length control field | 01439nam a2200205 a 4500 |
| 008 - CAMPO DE CONTROL (LIBRO) | |
| fixed length control field | 161215e1988 ag |||g |||| 001 j spa d |
| 020 ## - INTERNATIONAL STANDARD BOOK NUMBER | |
| ISBN | 9501002020 |
| 041 ## - CODIGO DE IDIOMA | |
| Código de idioma del texto/pista de sonido o título separado | spa |
| 092 ## - SIGNATURA TOPOGRAFICA DEWEY LOCAL | |
| número de clasificación | 808 |
| libristica | 71 |
| sección | QUI |
| 100 1# - ENTRADA PRINCIPAL--NOMBRE PERSONAL | |
| Nombre personal | Quiroga, Horacio |
| 9 (RLIN) | 3975 |
| 245 ## - TITULO PROPIAMENTE DICHO | |
| Título | Cuentos de amor de locura y de muerte / |
| Mención de responsabilidad y remanente de la transcripción de la portada | Horacio Quiroga |
| 250 ## - MENCION DE EDICION | |
| Mención de edición | 3a ed. |
| Mención de responsabilidad relacionada con la ed. | Estudio preliminar, notas y vocabulario Teresita Frugoni de Fritzsche |
| 260 ## - PIE DE IMPRENTA | |
| Lugar de publicación, distribución, etc | Buenos Aires: |
| Nombre de la editorial, distribuidor, etc | Huemul; |
| Fecha de publicación | 1988. |
| 300 ## - DESCRIPCION FISICA | |
| Extension | 261 p. |
| 500 ## - NOTA GENERAL | |
| Nota general | Quiroga, H. (1988). Cuentos de amor de locura y de muerte. (3a ed.). Buenos Aires : Huemul. |
| 505 ## - NOTA DE CONTENIDO | |
| Nota de contenido formateada | Cuentos de amor de locura y de muerte, escrito así por el autor, sin comas, muestra que tales fuerzas se conjugan en un todo indisoluble que actúa desde y sobre el hombre. Las tres fuerzas adquieren a menudo rasgos extraños o ligados a la desmesura: el amor se aparta de lo normal, la locura lleva su dosis de morbosidad y horror y la inexorable muerte es incontrolable, misteriosa y terrible. Pero lo profundamente original de Quiroga en el tratamiento de estos temas es la admirable sobriedad y concisión con que pinta el conflicto hombre-medio. La naturaleza no aparece como puro paisaje en ningún caso, y su descripción jamás carece de funcionalidad. De ahí la sensación de vida que todos los textos causan en el lector. |
| 590 ## - NOTAS LOCALES (RLIN) | |
| Nota local | Proyecto 4to libro. Donación Constanzo Juan Carlos |
| 655 ## - MATERIA - GENERO/FORMA | |
| Género/Forma | Cuentos |
| -- | 2945 |
| 942 ## - ADDED ENTRY ELEMENTS (KOHA) | |
| Source of classification or shelving scheme | Dewey Decimal Classification |
| Item type | LITERATURA |
| Estado de retiro | Existencia | Fuente de clasificación | Estado general | No para prestamo | Ubicación permanente | ubicación actual | Sala de ubicación | Fecha de adquisición | Fuente de adquisición | Total Checkouts | Número de clasificación | Código de barras | Date last seen | Date last borrowed | Número de ejemplar | Price effective from | Koha tipo de elemento (item) | Public note | Coded location qualifier |
|---|---|---|---|---|---|---|---|---|---|---|---|---|---|---|---|---|---|---|---|
| Dewey Decimal Classification | Biblioteca Medicina | Biblioteca Medicina | Circulación | 09/09/2019 | Donación Constanzo, Juan Carlos. Sept. 2019 | 2 | 808 71 QUI | 4567 | 31/10/2022 | 19/10/2022 | Ej.1 | 09/09/2019 | LITERATURA | Proyecto 4to libro Donación Constanzo, Juan Carlos. Sept. 2019 | |||||
| Dewey Decimal Classification | Biblioteca Medicina | Biblioteca Medicina | Circulación | 21/05/2025 | Donación Mayo 2025. Hernández, Lucas Joaquín. | 808 71 QUI | 5037 | 21/05/2025 | Ej. 2 | 21/05/2025 | LITERATURA | Donación Mayo 2025. Hernández, Lucas Joaquín. Sede Tordos. |